| 000 | 00339nam a2200097Ia 4500 | ||
|---|---|---|---|
| 008 | 180130s9999 xx 000 0 und d | ||
| 245 |
_cMartindale, Russell _aThe practice session: talent development |
||
| 260 | _c2015 | ||
| 300 | _aBook title: Practical sports coaching--Acession number C20229; pages 127-147 | ||
| 650 | _aCOACHING (ATHLETICS) | ||
| 999 |
_c354569 _d354569 |
||